THEME BASED EARLY CHILDHOOD CARE AND EDUCATION PROGRAMME (Record no. 19962)
[ view plain ]
| 000 -LEADER | |
|---|---|
| fixed length control field | 00274nam a22001217a 4500 |
| 003 - CONTROL NUMBER IDENTIFIER | |
| control field | SGT |
| 082 ## - DEWEY DECIMAL CLASSIFICATION NUMBER | |
| Item number | SON |
| 100 ## - MAIN ENTRY--PERSONAL NAME | |
| Personal name | SONI, ROMILA |
| 245 ## - TITLE STATEMENT | |
| Title | THEME BASED EARLY CHILDHOOD CARE AND EDUCATION PROGRAMME |
| 260 ## - PUBLICATION, DISTRIBUTION, ETC. (IMPRINT) | |
| Place of publication, distribution, etc | DELHI |
| Name of publisher, distributor, etc | NCRT |
| Year of Publication | 2013 |
| 300 ## - PAGE DESCRIPTION | |
| No. of Pages | 280 |
| 942 ## - ADDED ENTRY ELEMENTS (KOHA) | |
| Source of classification or shelving scheme | Dewey Decimal Classification |
| Koha item type | Books |
| Withdrawn status | Lost status | Source of classification or shelving scheme | Damaged status | Not for loan | Collection code | Home library | Current library | Date acquired | SGTU | Full call number | Accession No. (Barcode) | Date last seen | Bill Date | Koha item type |
|---|---|---|---|---|---|---|---|---|---|---|---|---|---|---|
| Dewey Decimal Classification | EDUCATION | SGT Engineering Library | SGT Engineering Library | 06/05/2020 | SGTU | SON | ED4690 | 06/05/2020 | 06/05/2020 | Books | ||||
| Dewey Decimal Classification | EDUCATION | SGT Engineering Library | SGT Engineering Library | 06/05/2020 | SGTU | SON | ED4691 | 06/05/2020 | 06/05/2020 | Books | ||||
| Dewey Decimal Classification | EDUCATION | SGT Engineering Library | SGT Engineering Library | 06/05/2020 | SGTU | SON | ED4732 | 06/05/2020 | 06/05/2020 | Books | ||||
| Dewey Decimal Classification | EDUCATION | SGT Engineering Library | SGT Engineering Library | 06/05/2020 | SGTU | SON | ED4733 | 06/05/2020 | 06/05/2020 | Books |